Who said it? Supernatural edition - Statistics

General Stats
  • This quiz has been taken 218 times
  • The average score is 7 of 15
Answer Stats
Quote Character % Correct
I was tortured by the devil himself, you are just an accent in a pantsuit Sam WInchester
83%
No one in the history of torture's been tortured with torture like the torture you'll be tortured with. Crowley
77%
Hello, Dean Castiel
70%
I am a cop, remember Jody Mills
55%
What we have here is failure to communicate Dean Winchester
53%
He who hesitates, disintrigates Lucifer
51%
Boohoo, I am sorry your feelings are hurt princess Bobby Singer
49%
If you can't score in reproductive rights function, you simply cannot score Charlie Bradbury
48%
Of course, I was manipulating you Rowena
47%
The king is dead, long live the queen Abbadon
41%
I love cocaine Jack Kline
37%
I kinda always wanted to punch devil in the face Mary Winchester
36%
I am Awesome Ruby
24%
Dean Winchester is behind you Meg
19%
Mind your own Beeswax Donna Hanscum
18%
No matching quizzes found
Score Distribution
Percent of People with Each Score
Percentile by Number Answered
Your Score History
You have not taken this quiz